000 00895nam a2200265 a 4500
001 000009713
005 20260212142300.0
008 091001s1993 dr a r 001 p spa d
040 _aDO-SdBNP
_bspa
_cBNPHU
041 1 7 _aspa
_2eng
082 _aRD861.44
_bC117ar
100 _aCabrera, Fernando,
_d1964-
_924611
245 1 3 _aEl árbol = The tree /
_cFernando Cabrera ; traducción Charlene E. Santo.
246 1 1 _aThe tree
260 _aSanto Domingo :
_bCasa de Teatro,
_c1993.
300 _a168 p. :
_bil. ;
_c21 cm.
500 _aTexto en español e inglés.
586 _aPremio Dominicano de Poesía.
590 _aInventariado, 2018/BT
600 1 4 _aCABRERA, FERNANDO,
_xCRÍTICA E INTERPRETACIÓN
_924612
650 0 _aPoesía dominicana
_966
650 0 _aLiteratura dominicana.
_967
700 1 _aSanto, Charlene E.,
_etr.
_924613
910 _aValidado. Control de calidad. MMOLINA
999 _c9473
_d9473